Locke / (Record no. 35671)

MARC details
000 -CABECERA
campo de control de longitud fija 00568nam a2200193 a 4500
005 - FECHA Y HORA DE LA ÚLTIMA TRANSACCIÓN
campo de control 20210219151518.0
008 - ELEMENTOS DE LONGITUD FIJA--INFORMACIÓN GENERAL
campo de control de longitud fija 991125s1977 mx 000 0 spa u
035 ## - NÚMERO DE CONTROL DEL SISTEMA
Número de control de sistema UPN01000035671
049 ## - COLECCIÓN
Colección CG
050 #4 - SIGNATURA TOPOGRÁFICA DE LA BIBLIOTECA DEL CONGRESO
Número de clasificación B1297
Número de documento/Ítem B54
100 1# - ASIENTO PRINCIPAL--NOMBRE PERSONAL
Nombre de persona Blanco F., Francisco
245 10 - MENCIÓN DE TÍTULO
Título Locke /
Mención de responsabilidad, etc. Francisco Blanco F.
260 ## - PUBLICACIÓN, DISTRIBUCIÓN, ETC.
Lugar de publicación, distribución, etc. México :
Nombre del editor, distribuidor, etc. Edicol,
Fecha de publicación, distribución, etc. 1977.
300 ## - DESCRIPCIÓN FÍSICA
Extensión 167 p.
440 #0 - MENCIÓN DE SERIE/ASIENTO SECUNDARIO--TÍTULO
Título Sociológica pensadores ;
Designación de volumen o secuencia 2
600 14 - ASIENTO SECUNDARIO DE MATERIA - NOMBRE PERSONAL
Nombre de persona LOCKE, JOHN,
Fechas asociadas al nombre 1632-1704 -
Subdivisión general CRITICA E INTERPRETACION
600 14 - ASIENTO SECUNDARIO DE MATERIA - NOMBRE PERSONAL
Nombre de persona LOCKE, JOHN,
Fechas asociadas al nombre 1632-1704 -
Subdivisión general SELECCIONES, EXTRACTOS, ETC.
905 ## - TIPO DE MATERIAL
Tipo de material Libro
Holdings
Estado de retiro Estado de pérdida Fuente del sistema de clasificación o colocación Estado dañado No para préstamo Código de colección Localización permanente Ubicación/localización actual Ubicación en estantería Enumeración/cronología de publicación seriada Total de préstamos Clasificación Código de barras Fecha visto por última vez Número de copia Tipo de ítem Koha
    Library of Congress Classification     Colección General Bib. Gregorio Torres Quintero Bib. Gregorio Torres Quintero Planta baja - 9 B1297 B54 151106 31/12/2020 1 Libro